1666 1417 1034 1590 1776 1626 1797 1988 1932 1719 1791 1371 1005 1093 1633 1966 1187 1361 1830 1167 1360 1043 1763 1857 1631 1256 1498 1811 1210 1021 1193 1143 1369 1603 1456 1804 1563 1973 1879 1020 1404 1930 1905 1406 1646 1959 1415 1220 1606 1983 1593 1878 1633 1482 1679 1020 1779 1985 1691 1798 1820 1175 1858 1018 1218 1525 1787 1968 1252 1931 1952 1014 1902 1414 1390 1929 1969 1444 1500 1289 1462 1530 1217 1669 1947 1400 1551 1629 1414 1044 1254 1013 1077 1048 1919 1296 1152 1630 1322 BCNSPRNW ULIB Ver.6.0+V

เปลี่ยนเป็นภาษาไทย

Change to English
 แสดงรายละเอียดบรรณานุกรม
  กลับหน้าหลัก

Brief Record : Get Marc (ISO 2709) : E-mail record : QR code < ปิดหน้าต่าง
LEADER : 00000nam 2200000uu 4500
001    13399124123
003     ULIB
008    150119s2556||||th 000 0 tha d
020    ^a9786162850493
060    ^aQZ200^bX111จ
100    ^aXiong Dun,^eแต่ง
245    ^aเจ้ามะเร็งร้ายไปให้พ้น/^cโดย Xiong Dun,ประจิต ป้อมอรินทร์ ; แปล
250    ^aพิมพ์ครั้งที่ 1
260    ^aกรุงเทพฯ :^bทองเกษม,^c2556
300    ^a176 หน้า;^b21 ซม.
650    ^aมะเร็ง
700    ^aประจิต ป้อมอรินทร์,^eแปล
945    ^p185^l0^i038379
945    ^p185^l0^i038380
945    ^p185^l0^i038381
999    ^aเกษร โพธิ์สุวรรณ
รายการนี้ยังไม่มีแท็ก
คุณยังไม่ได้ล็อกอิน คุณสามารถมีกิจกรรมร่วมกับเว็บไซต์ได้ แต่ต้องล็อกอินก่อน ::
  ล็อกอิน

รายการสื่อสารสนเทศ

ลำดับที่ ประเภท เลขเรียก/บาร์โค้ด สถานที่ สถานะ
1. วิทยาศาสตร์การแพทย์ และสุขภาพ
หนังสือสำรอง
สถานะ=หนังสือสำรอง
QZ200 X111จ ฉ.1 
  Barcode: 038379
ห้องสมุดวิทยาเขตสวรรค์ประชารักษ์
►ส่วนจัดเก็บหนังสือเก่า สปร
บนชั้น
  ขอยืม
2. วิทยาศาสตร์การแพทย์ และสุขภาพ
วิทยาศาสตร์การแพทย์ และสุขภาพ
QZ200 X111จ ฉ.2 
  Barcode: 038380
ห้องสมุดวิทยาเขตสวรรค์ประชารักษ์
►ส่วนจัดเก็บหนังสือเก่า สปร
บนชั้น
  ขอยืม
3. วิทยาศาสตร์การแพทย์ และสุขภาพ
วิทยาศาสตร์การแพทย์ และสุขภาพ
QZ200 X111จ ฉ.3 
  Barcode: 038381
ห้องสมุดวิทยาเขตสวรรค์ประชารักษ์
►ส่วนจัดเก็บหนังสือเก่า สปร
บนชั้น
  ขอยืม

รายการใกล้เคียง
    หัวเรื่อง [มะเร็ง]

BibComment


ยังไม่เคยถูกคอมเมนท์

คอมเมนท์ทรัพยากรรายการนี้
  คอมเมนท์: เจ้ามะเร็งร้ายไป..


 Copyright 2026. Bcnsprnw @Library